01267cam a22003497a 4500003000500000005001700005008004100022010001000063011001000073035001000083040000900093090001000102100003700112245004600149260006000195300002000255490005900275500005400334590004100388590004100429590004100470590004100511590004200552650003400594650003300628830006600661901000700727942000700734949004000741999001700781952011900798CHAP20220329135321.0971013s1937 r 00010 d a34303 a35275 a39391 cCHAP aMP-7900aLundell, Cyrus Longworth.96914714aThe vegetation of Peten. With an appendix aWashington :bCarnegie Institution of Washington,c1937 a244 p.b: ilus. 0aCarnegie Institution of Washington. Publicationv; 478 aStudies of Mexican and Central American Plants I. aBATCH-UPDb10c20130110lUCH01h0236 aBATCH-UPDb10c20130110lUCH01h1041 aBATCH-UPDb10c20130409lUCH01h2302 aBATCH-UPDb10c20130914lUCH01h0731 aCONVERSIONb10c20130109lUCH01h131914aBotánicaxGuatemala.91454714aBotánicazMéxico.9146410 aCarnegie Institution of Washington. Publicationv; 478919233 aBK cMP aMP-79bBCcMPd-89797eMPi39391si c34303d34303 00104054718MMaBCbBCd2012-12-17fMPl0oMP-79p-89797r2019-12-31 00:00:00w2019-12-31yMPzRecien adquirido